Журнал о представлениях императорской фамилии особ дипломатического корпуса в 1855 году

Доступно только в Электронных читальных залах Найти на картеНа карте
RUSMARC
00003494nmc2a22002413x 450
00128f2b82f-4e3e-4f6c-826d-a77079a41879
00520251102052225.0
100##$a20250626l18551855k l0rusy0189 ca
1010#$arus
102##$aRU
105##$ay###
1222#$ad
2001#$aЖурнал о представлениях императорской фамилии особ дипломатического корпуса в 1855 году
$j1855 г.
215##$a18 л.
$d33х21 см
251##$cДело
300##$aДело
371##$aДокумент не является опубликованным и широко распространяемым
461#0$10011beca410-31e9-4f28-916a-592ca9443f69
$12001
$aЦеремониальная часть Министерства императорского двора
$1251
$cФонд
$1852
$j473
462#0$1001a54d7da2-27dc-4d4e-832c-8830aaafd738
$12001
$aЦеремониальная часть Министерства императорского двора
$1251
$cОпись
$1852
$j3
801#0$aRU
$bРГИА
$c20250626
$gRCR
801#1$aRU
$bГлавНИВЦ
$c20250626
$2rusmarc
801#2$aRU
$bПБ им. Б.Н. Ельцина
$c20251102
$gRCR
$2rusmarc
850##$aРГИА
852##$aРГИА
$eФедеральное казенное учреждение "Российский государственный исторический архив" (РГИА)
$j897
937##$hРГИА
$d12427118
$aASBIBLIO_SCAN
035##$aRusGRCC00086969
856##$uhttp://readingroom.main.prlib.ru/item.aspx?id_node=n198867980&mode=full
Формат отображения